000 00756nam a22002417a 4500
999 _c33388
_d33388
001 2580
003 CO-MdFUSB
005 20171116101743.0
008 171116s1906 xxu||||| |||| 00| 0 eng d
040 _aCO-MdFUSB
_bspa
_cCO-MdFUSB
_dCO-MdFUSBC
_erda
041 0 _aeng
082 0 4 _aG 225.9 C768l
100 1 _aConybeare, W. J. (Willian John) (1815–1857)
_eautor
245 4 _aThe life and epistles of Saint Paul
_c/ W. J. Conybeare, J. S. Howson
264 1 _aHartford, CONN., USA :
_bS.S. Scranton,
_c1906
300 _aXXIII, 917 Pag
336 _2rdacontent
_atexto
_btxt
337 _2rdamedia
_asin mediación
_bn
338 _2rdacarrier
_avolumen
_bnc
653 _aPablo (apóstol)
653 _aBiblia N.T - Historia coetanea
942 _cBK